LEADER 01140nam a2200253 i 4500 001 000000151792 003 CaOOAMICUS 005 20060825000000.0 008 060825s1973 it u000 u ita u 013 $a129133 040 $aSeMil$bita 245 13$aIl pensiero liberale e democratico nei secoli 17. e 18. /$ca cura di Roberto Parenti. 260 $aNapoli :$bMorano,$ccopyr. 1973. 300 $a207 p. ;$c19 cm. 490 0 $aNuovi strumenti di cultura interdisciplinare ;$v2 650 4$aLiberalismo - Teorie.$0(OLS)http://semarc/subject/29634 650 4$aDemocrazia - Teorie - Sec. 17.-18. - Antologie.$0(OLS)http://semarc/subject/29635 700 1 $aParenti, Roberto.$0(OLS)http://semarc/name/50577 830 0$aNuovi strumenti di cultura interdisciplinare ;$v2.$0(OLS)http://semarc/title/21451 850 $aSeMil 852 $aSeMil$W1$xVenegono$y1$m3N I 604$j103773$B103773$CSeMilBibl$Z2$F116680 $81 961 $aOmaggio: Gualerni don Gualberto 996 $6245$aIl pensiero liberale e democratico nei secoli 17. e 18.$9(OLS)http://semarc/title/221839 996 $6260$aNapoli :$bMorano$9(OLS)http://semarc/publisher/31687 LEADER 01069nam a2200217 i 4500 001 000000354061 003 CaOOAMICUS 005 20230607105449.0 008 230607s1909 it u000 u ita u 040 $aSeMil$bita 100 1 $aBersani Dossena, Angelo,$c.$0(OLS)http://semarc/name/14813 245 10$a3: Dei precetti della chiesa e dei sacramenti /$cBersani mons. Angelo. 250 $a8. Ed. 264 1$aLodi :$bTipografia vescovile Quirico e Camagni,$c1909. 300 $a314 p. ;$c19 cm. 773 0 $aBersani Dossena, Angelo $tCatechismo spiegato al popolo per via di esempi e similitudini.$dLodi : Tipografia vescovile Quirico e Camagni, 1909.$b8. Ed.$kPiccola biblioteca dei curati di campagna$g3$w()354052 850 $aSeMil 852 $aSeMil$W1$xVenegono$y1$m3K VII 9 FA$j241187$B245291$CSeMilBibl$Z2$F245291 $8I 996 $6245$a3: Dei precetti della chiesa e dei sacramenti$9(OLS)http://semarc/title/444204 996 $6264$aLodi :$bTipografia vescovile Quirico e Camagni$9(OLS)http://semarc/publisher/61025